Rectificado

Uloženo v:
Podrobná bibliografie
Korporace: FPCT (Autor), Formación Profesional y Cultura Técnica (Autor)
Médium: Kniha
Jazyk:španělština
Vydáno: Barcelona Gustavo Gili 1972
Edice:Máquinas Herramienta, 1
Témata:
Tagy: Přidat tag
Žádné tagy, Buďte první, kdo vytvoří štítek k tomuto záznamu!

MARC

LEADER 00000nam a2200000 a 4500
001 UCP2775
003 CL-VaPUC
008 990531e19720000SP |||||||||||||||||spa|d
082 0 4 |a 671.3  |b FPC  |2 21 
110 2 |a FPCT  |e author  |9 429721 
710 2 |a Formación Profesional y Cultura Técnica  |e author  |9 429722 
245 1 0 |a Rectificado 
300 |a Pag. irreg 
942 |c BK 
945 |d 19990531 00:00:00  |a cmena 
260 |a Barcelona  |b Gustavo Gili  |c 1972 
650 0 |a Máquinas herramientas  |9 262583 
650 7 |a ELEMENTOS DE MAQUINAS  |2 CL-VaPUC  |9 429723 
650 0 |a Ingeniería mecánica   |9 262089 
650 7 |a TRABAJADO DE METALES  |2 CL-VaPUC  |9 344423 
583 |a last modification  |c 19990531 00:00:00  |k Rodrigo Vera 
490 0 |a Máquinas Herramienta, 1 
999 |c 281249  |d 281247 
952 |0 0  |1 0  |4 0  |6 671_300000000000000_FPC_1972  |7 0  |8 A  |9 321937  |a BIBMEC  |b BIBMEC  |d 2019-11-20  |i 149984K  |o 671.3 FPC 1972  |p 149984K  |r 2024-01-19  |w 2019-11-20  |y BK  |k MEC